00352nam a22001097a 4500020000800000040001600008082001300024100002300037245010300060260004100163300003800204 qPB. cFIZZA ISHAQ a158bCOV a Covey, Stephen R. aThe 7 habits of highly effective people: Powerful lessons in personal change/ cStephen R. Covey. a London :b Simon & Schuster,c1989. a358 P. ;c5.5 x 0.9 x 8.44 inches